000 00760nam0a22002531 4500
001 rc\3901039
005 20250611014308.0
021 _aRU
_b[55-2848]
035 _a(NLR Aleph) 008013646
090 _a8716264
_c8716264
100 _a20130415d1955 |||y0rusy50 ca
101 0 _arus
102 _aRU
105 _ay z |||||
200 1 _aСоветская избирательная система
_e(В вопросах и ответах)
210 _aМосква
_cГосюриздат
_d1955
215 _a48 с.
_d20
606 _aИзбирательная система СССР
_2psbo
700 1 _aБахмуров
_bП.В.
801 0 _aRU
_bNLR
_gpsbo
801 1 _aRU
_bELAR
_2rusmarc
852 _aNLR
_jП20 Г-4/1282
942 _cBOOK
980 _aNB